000 01194nam a22002537a 4500
005 20170117105521.0
008 130821s2003 xxu gr eng
020 _a041594600X
020 _a9780415946001
040 _aCO-BoUCM
_cSandra Palacio (modificó)
_dAldemar Mondragón (modificó)
_bspa
041 0 0 _aeng
100 1 _aBozdaglioglu, Yücel
_941821
245 1 0 _aTurkish foreign policy and Turkish identity
_ba constructivist approach
_cYücel Bozdaglioglu
260 _aNueva York (Estados Unidos)
_bRoutledge
_c2003
300 _avii, 224 páginas
490 0 _aStudies in International Relations
505 0 _aLiterature review -- Modernization and the construction of Turkey's official identity -- Turkey and the West -- Identity crisis and Turkey's search for alternatives -- Turkey and the Muslim Middle East -- Turkey and Israel : the "outsiders" in the Middle East
650 1 7 _aNacionalismo
_zTurquía
_ySiglo XX
_941801
651 4 _aTurquía
_xPolítica y gobierno
_941858
651 4 _aTurquía
_xRelaciones exteriores
_ySiglo XX
_941804
690 _aCiencia política
_9340
942 _cLIBRO
_a6
_e1
_mB793t
_2DEWEY
_h327.561
999 _c171276
_d171276